Switch/Router Architectures /
Gespeichert in:
| 1. Verfasser: | |
|---|---|
| Format: | Buch |
| Sprache: | Englisch |
| Veröffentlicht: |
Boca Raton
CRC
29 November 2019
|
| Ausgabe: | 1st Ed. |
| Schlagworte: | |
| Tags: |
Keine Tags, Fügen Sie das erste Tag hinzu!
|
MARC
| LEADER | 00000nam a22000003a 4500 | ||
|---|---|---|---|
| 001 | 0098143 | ||
| 003 | SK-STU | ||
| 005 | 20221109134820.3 | ||
| 007 | ta | ||
| 008 | 221109s ----xo-----e------000-0-----d | ||
| 020 | |a 9780367809041 | ||
| 040 | |a STU |b slo | ||
| 041 | 0 | |a eng | |
| 044 | |a xxu | ||
| 100 | 1 | |a Aweya, James |4 aut | |
| 245 | 1 | 0 | |a Switch/Router Architectures / |c aut. James Aweya |
| 250 | |a 1st Ed. | ||
| 260 | |a Boca Raton |b CRC |c 29 November 2019 | ||
| 300 | |a 365 s. | ||
| 500 | |a eBook | ||
| 650 | 0 | 7 | |a počítačová veda |
| 650 | 0 | 7 | |a technika a technológia |
| 996 | |c M* DigP-409 |l M |s P |a 0 |w 0098143_0001 | ||